000
00181 a2200097 4500
041
_a
eng
100
_a
An Amosco School
245
_a
Dictionary Spanish
942
_c
BK
952
_7
1
999
_c
23270
_d
23270